Characterisation of natural rubber for greater consistency (Record no. 55368)

MARC details
000 -LEADER
fixed length control field 00397nam a2200121Ia 4500
100 ## - MAIN ENTRY--AUTHOR NAME
Personal name Sekaran Nair
245 #0 - TITLE STATEMENT
Title Characterisation of natural rubber for greater consistency
260 ## - PUBLICATION, DISTRIBUTION, ETC. (IMPRINT)
Name of publisher Rubbercon 87: Proceedings of the International Rubber Conference, U.K, 1987, Group A, p2A. 1-10
650 ## - SUBJECT ADDED ENTRY--TOPICAL TERM
Topical Term NR
650 ## - SUBJECT ADDED ENTRY--TOPICAL TERM
Topical Term Rubber hydrocarbon
942 ## - ADDED ENTRY ELEMENTS (KOHA)
Koha item type Journals
Holdings
Withdrawn status Lost status Damaged status Not for loan Home library Current library Shelving location Date acquired Koha item type
      Journals RRII Library RRII Library Rubber chemistry 17/12/2021 Journals